000 00322nam a22001457a 4500
003 SGT
020 _a97815-43344-57-8
082 _a615
_bVEE
100 _aVEE, RAMAN
245 _aA PRACTICAL BOOK OF PHARMACEUTICAL
260 _aINDIA
_bPV PUB.
_c2021
300 _a192
650 _aPHARMACEUTICAL
942 _2ddc
_cBK
999 _c32425
_d32425